Statistics for Flags of Uralic Peoples

Click here to take the quiz!

General Stats

  • This quiz has been taken 49 times
  • The average score is 11 of 21

Answer Stats

Answer% Correct
Finns
100%
Estonians
95%
Hungarians / Magyars
95%
Sámi people
88%
Mari people
80%
Udmurts
70%
Karelians
68%
Khanty people + Mansi people
60%
Komi-Zyryans
60%
Nenets people
60%
Ingrian Finns
58%
Erzyas (Mordvins)
48%
Veps / Vepsians
43%
Mokshas (Mordvins)
38%
Livonians
35%
Komi-Permyaks
33%
Votes
30%
Izhorians
25%
Forest Finns
20%
Selkups
20%
Kven people
18%

Score Distribution

Percentile by Number Answered

Percent of People with Each Score

Your Score History

You have not taken this quiz